Normal view MARC view
  • Eitzen, D. Stanley

Entry Personal Name

Number of records used in: 1

001 - CONTROL NUMBER

  • control field: 109293

003 - CONTROL NUMBER IDENTIFIER

  • control field: NUST

005 - DATE AND TIME OF LATEST TRANSACTION

  • control field: 20230221102808.0

008 - FIXED-LENGTH DATA ELEMENTS

  • fixed length control field: 230221|| aca||aabn | a|a d

040 ## - CATALOGING SOURCE

  • Original cataloging agency: NUST
  • Transcribing agency: NUST

100 ## - HEADING--PERSONAL NAME

  • Personal name: Eitzen, D. Stanley

670 ## - SOURCE DATA FOUND

  • Source citation: Work cat.: (NUST)188524: Eitzen, D. Stanley., In conflict and order :, 1991.
© 2023 Central Library, National University of Sciences and Technology. All Rights Reserved.